ՀՀ Գիտությունների ազգային ակադեմիայի հիմնարար գիտական գրադարան  =   Fundamental Scientific Library of NAS RA

Հայկական մանրանկարչություն = (Record no. 531545)

MARC details
000 -LEADER
fixed length control field 01440nam a2200277 u 4500
001 - CONTROL NUMBER
control field 000607609
003 - CONTROL NUMBER IDENTIFIER
control field AM-YEHGA
005 - DATE AND TIME OF LATEST TRANSACTION
control field 20250811114212.0
008 - FIXED-LENGTH DATA ELEMENTS--GENERAL INFORMATION
fixed length control field 080808s1969 ai a | |||| |0| | arm d
040 ## - CATALOGING SOURCE
Original cataloging agency AM-YEHGA
041 1# - LANGUAGE CODE
Language code of text/sound track or separate title arm
Language code of original rus
-- fre
245 00 - TITLE STATEMENT
Title Հայկական մանրանկարչություն =
Remainder of title Армянская миниатюра = Miniatures Arméniennes /
Statement of responsibility, etc. Խմբ. և առաջաբ.՝ Ռ.Գ. Դրամբյան; Ծանոթագր.՝ Լ.Ա. Դուռնովո; Մ.Մաշտոցի անվ. հին ձեռագրերի ին-տ - Մատենադարան; ՀՍՍՀ պետ. պատկերասրահ.
246 15 - VARYING FORM OF TITLE
Title proper/short title Армянская миниатюра
246 15 - VARYING FORM OF TITLE
Title proper/short title Miniatures Arméniennes
260 ## - PUBLICATION, DISTRIBUTION, ETC.
Place of publication, distribution, etc. Երևան :
Name of publisher, distributor, etc. Հայաստան,
Date of publication, distribution, etc. 1969.
300 ## - PHYSICAL DESCRIPTION
Extent 234 էջ :
Other physical details գունանկ. ;
Dimensions 32 սմ.
500 ## - GENERAL NOTE
General note Տողատակի ծանոթագր.
546 ## - LANGUAGE NOTE
Language note Տեքստը հայ., ռուս., ֆրանս. լեզուներով
650 14 - SUBJECT ADDED ENTRY--TOPICAL TERM
Topical term or geographic name entry element Մանրանկարչություն
Geographic subdivision Հայաստան
653 0# - INDEX TERM--UNCONTROLLED
Uncontrolled term Հայ մանրանկարիչներ
700 1# - ADDED ENTRY--PERSONAL NAME
Personal name Դրամբյան, Ռուբեն Գրիգորի,
Dates associated with a name 1851-1991
Relator term խմբ.
Relationship edt
Relator term առաջաբ.
Relationship aui
9 (RLIN) 3308
700 1# - ADDED ENTRY--PERSONAL NAME
Personal name Դուռնովո, Լ.Ա.
Relator term ծանոթագր.
Relationship cmm
710 2# - ADDED ENTRY--CORPORATE NAME
Corporate name or jurisdiction name as entry element Մատենադարան Մաշտոցի անվան հին ձեռագրերի ինստիտուտ
9 (RLIN) 5865
710 2# - ADDED ENTRY--CORPORATE NAME
Corporate name or jurisdiction name as entry element ՀՍՍՀ պետական պատկերասրահ
942 ## - ADDED ENTRY ELEMENTS (KOHA)
Koha item type Գրքեր / Books
Source of classification or shelving scheme Universal Decimal Classification
Holdings
Withdrawn status Lost status Damaged status Not for loan Collection Home library Current library Date acquired Total checkouts Full call number Barcode Date last seen Price effective from Koha item type Public note
        General Fundamental Scientific Library Fundamental Scientific Library 25/10/2024   AIII/9760 FL0685081 25/10/2024 25/10/2024 Գրքեր / Books Սպասարկվում է ընթերցասրահում


ՀՀ ԳԱԱ հիմնարար գիտական գրադարան
ՀՀ,Երևան 0019
Մարշալ Բաղրամյան 24/6
հեռախոս:(374-10) 52-47-50
Հետադարձ կապ

All site content, except where otherwise noted, is licensed under a
Creative Commons License